Titanfall 2 All Weapons - Statistics

General Stats
  • This quiz has been taken 74 times
  • The average score is 20 of 45
Answer Stats
AR % Correct
CAR
83%
Kraber
83%
R-201
76%
Mozambique
71%
Spitfire
71%
Wingman
71%
R-101
67%
Volt
67%
Alternator
62%
Double Take
60%
Flatline
60%
Frag Grenade
60%
Devotion
57%
Fire Star
57%
Charge Rifle
55%
EPG
52%
P-2016
52%
RE-45
50%
Gravity Star
48%
Longbow
48%
L-Star
48%
R-97
48%
Softball
48%
Wingman Elite
48%
Archer
45%
Cold War
43%
SMR
43%
Arc Grenade
40%
Satchel
40%
Thunderbolt
40%
G2
38%
Hemlok
38%
MGL
38%
Smart Pistol
38%
Thermite Launcher
24%
Predator Cannon
21%
Splitter Rifle
21%
XO-16
21%
Leadwall
19%
Ticks
17%
40mm Tracker Cannon
14%
Broadsword
14%
Electric Smoke Screen
12%
Plasma Railcannon
10%
Quad Rocket Launcher
10%
No matching quizzes found
Score Distribution
Percent of People with Each Score
Percentile by Number Answered
Your Score History
You have not taken this quiz